NLSUI OPAC header image

Fifth five year plan 1974-79 (Record no. 16331)

MARC details
000 -LEADER
fixed length control field 00486nam a2200193Ia 4500
003 - CONTROL NUMBER IDENTIFIER
control field OSt
005 - DATE AND TIME OF LATEST TRANSACTION
control field 20210821151750.0
008 - FIXED-LENGTH DATA ELEMENTS--GENERAL INFORMATION
fixed length control field 160316s1974 xxu||||| |||| 00| 0 eng
040 ## - CATALOGING SOURCE
Transcribing agency n
082 ## - DEWEY DECIMAL CLASSIFICATION NUMBER
Classification number 338.900000
Item number FIF
100 ## - MAIN ENTRY--PERSONAL NAME
Personal name
245 ## - TITLE STATEMENT
Title Fifth five year plan 1974-79
260 ## - PUBLICATION, DISTRIBUTION, ETC.
Place of publication, distribution, etc. New Delhi
Name of publisher, distributor, etc. Govt. of India, Planning Commission
Date of publication, distribution, etc. 1974
300 ## - PHYSICAL DESCRIPTION
Extent 242p
365 ## - TRADE PRICE
Price amount Rs.100
650 ## - SUBJECT ADDED ENTRY--TOPICAL TERM
Topical term or geographic name entry element 1.Economic Development - Fifth Five Year Plan
700 ## - ADDED ENTRY--PERSONAL NAME
Personal name
--
942 ## - ADDED ENTRY ELEMENTS (KOHA)
Source of classification or shelving scheme Dewey Decimal Classification
Koha item type BOOKs
Holdings
Withdrawn status Lost status Damaged status Not for loan Home library Current library Shelving location Date acquired Cost, normal purchase price Total Checkouts Full call number Barcode Date last seen Price effective from Koha item type
        NLS NLS NAB Compactor 30/05/2017 100.00   338.9 FIF 16227 30/05/2017 30/05/2017 BOOKs